| 000 | 00779nam a2200229 a 4500 | ||
|---|---|---|---|
| 001 | 000016470 | ||
| 003 | DO-SdBNP | ||
| 005 | 20250409144017.0 | ||
| 008 | 100305s1971 dr 000 p spa d | ||
| 040 |
_aDO-SdBNP _bspa _cBNPHU |
||
| 040 | _aDO-SdBNP | ||
| 082 |
_a398.2 _bR918c |
||
| 100 | 1 |
_aRueda, Manuel, _d1921-1999 _922834 |
|
| 245 | 1 | 0 |
_aConocimiento y poesía en el folklore / _cManuel Rueda. |
| 260 |
_aSanto Domingo : _bInstituto de Investigación Folkloricas de la Universidad Nacional Pedro Henríquez Ureña., _c[1971?]. |
||
| 300 |
_a63 p. ; _c21 cm. |
||
| 500 | _aIncluye bibliografía (p. 63). | ||
| 650 | 0 |
_aFolclore _zRepublica Dominicana _933448 |
|
| 650 | 4 |
_aPoesía dominicana _966 |
|
| 650 | 4 |
_aCultura _xRepública Dominicana _936680 |
|
| 942 |
_2ddc _cLBS1 |
||
| 999 |
_c16005 _d16005 |
||